| 000 | 00825 a2200253 4500 | ||
|---|---|---|---|
| 001 | 200158701 | ||
| 650 |
_9103571 _aPower resources _zTurkey _xTurkey |
||
| 650 | 7 |
_aGüç kaynakları _zTürkiye _2etuturkob _973716 |
|
| 999 |
_c200158701 _d38256 |
||
| 003 | TR-AnTOB | ||
| 005 | 20221026134811.0 | ||
| 008 | 140124s tu 000 0 | ||
| 040 |
_aTR-AnTOB _erda |
||
| 041 | _atur | ||
| 050 |
_aHD9555.T92 _bU93 2013 |
||
| 090 | _aHD9555.T92.U93 2013 | ||
| 100 |
_aUyar, Tanay Sıdkı _995711 |
||
| 245 | 0 |
_aeşit,özgür,demokratik ve barış dolu bir dünya için : _bTemiz Enerji ile Temiz Üretim / _cTanay Sıdkı Uyar. |
|
| 264 |
_aİstanbul: _bBirleşik Metal İş, _c2013. |
||
| 300 |
_a152 s. ; _c13 cm. |
||
| 650 | 7 |
_aDoğal kaynaklar _zTürkiye _2etuturkob _995713 |
|
| 650 |
_aNatural resources _zTurkey _995712 |
||
| 942 | _cBK | ||